Normal view
MARC view
- Byron, Freederick W. Jr
Entry Personal Name
001 - CONTROL NUMBER
- control field: 21846
003 - CONTROL NUMBER IDENTIFIER
- control field: OSt
005 - DATE AND TIME OF LATEST TRANSACTION
- control field: 20110421141638.0
008 - FIXED-LENGTH DATA ELEMENTS
- fixed length control field: 110421|||a|||||| | ||| d
040 ## - CATALOGING SOURCE
- Original cataloging agency: OSt
- Transcribing agency: OSt
100 ## - HEADING--PERSONAL NAME
- Personal name: Byron, Freederick W. Jr
670 ## - SOURCE DATA FOUND
- Source citation: Work cat.: (OSt): Byron, Freederick W. Jr, Mathematics of classical and quantum physics , 1969-70
670 ## - SOURCE DATA FOUND
- Source citation: Work cat.: (OSt): Byron, Freederick W. Jr, Mathematics of classical and quantum physics , 1969-70
